Heidi. (Record no. 110921)
[ view plain ]
| 000 -LEADER | |
|---|---|
| fixed length control field | 00319nam a2200133 a 4500 |
| 005 - DATE AND TIME OF LATEST TRANSACTION | |
| control field | 20140414131905.0 |
| 008 - FIXED-LENGTH DATA ELEMENTS--GENERAL INFORMATION | |
| fixed length control field | 100927s19uu xx 00 eng d |
| 050 ## - LIBRARY OF CONGRESS CALL NUMBER | |
| Classification number | FIC |
| Item number | Sp1 1998 |
| 100 ## - MAIN ENTRY--PERSONAL NAME | |
| Personal name | Spyri, Johanna |
| 245 ## - TITLE STATEMENT | |
| Title | Heidi. |
| 260 ## - PUBLICATION, DISTRIBUTION, ETC. (IMPRINT) | |
| Place of publication, distribution, etc | New York : |
| Name of publisher, distributor, etc | Dover publications, |
| Date of publication, distribution, etc | 1998. |
| 440 ## - SERIES STATEMENT/ADDED ENTRY--TITLE | |
| Title | |
| Withdrawn status | Lost status | Damaged status | Home library | Current library | Shelving location | Date acquired | Total Checkouts | Full call number | Barcode | Date last seen | Price effective from | Koha item type |
|---|---|---|---|---|---|---|---|---|---|---|---|---|
| Munich Library | Munich Library | Fiction Section | 09/27/2010 | FIC Sp1 1998 | M1448 | 04/14/2014 | 04/14/2014 | Books |